| 000 | 01055nam a22003137a 4500 | ||
|---|---|---|---|
| 001 | 5880 | ||
| 003 | FISKH | ||
| 005 | 20250331075058.0 | ||
| 008 | 250127b cb ||||| |||| 00| 0 eng d | ||
| 020 | _a9780064442459 | ||
| 040 |
_aFISKH _beng _cFISKH _dFISKH |
||
| 050 | _aPZ7.H635 | ||
| 082 | _a813.54 | ||
| 100 |
_aHoban, Lillian _d(1925–1998) |
||
| 245 |
_aArthur's back to school day / _cstory and pictures by Lillian Hoban |
||
| 250 | _aFirst edition in 1998 | ||
| 260 |
_aNew York : _bHarperTrophy, _c1998. |
||
| 300 |
_a48 pages : _bcolor illustrations ; _c22 cm |
||
| 490 |
_aAn I can read book _vGrade 1-3 level 2 |
||
| 505 | _aJ | ||
| 520 | _aWhile hurrying to get on the school bus, Arthur and his friend unknowingly switch their lunchboxes; later Arthur finds out what surprise his sister had put into hers. | ||
| 521 | 8 |
_a480
_bLexile |
|
| 521 | 8 |
_aJ
_bRaz-Plus |
|
| 650 |
_2First day of school _aMonkeys |
||
| 650 |
_2Children _aLibrary |
||
| 700 |
_aHoban, Lillian _dillustrator |
||
| 942 |
_2ddc _cBK _n0 |
||
| 999 |
_c5880 _d5880 |
||